[Event "47th URS-ch"]
[Site "Minsk URS"]
[Date "1979.12.??"]
[Round "1"]
[White "Kasparov, Garry"]
[Black "Georgadze, Tamaz"]
[Result "1-0"]
[WhiteElo "2545"]
[BlackElo "2535"]
[EventDate "1979.11.29"]
[PlyCount "78"]

1.e4 e5 2.Nf3 d6 3.Bc4 Be7 4.d3 Nf6 5.c3 O-O 6.O-O c6 7.Bb3 Be6 8.Bc2 h6 
9.Re1 Nbd7 10.Nbd2 Qc7 11.d4 Rfe8 12.h3 Nf8 13.c4 Ng6 14.d5 Bd7 15.Nb1 Bf8
16.Nc3 c5 17.Ba4 a6 18.Bxd7 Nxd7 19.g3 Be7 20.h4 Nf6 21.Nh2 Qd7 22.a4 Qh3 
23.Qf3 Qd7 24.a5 Nf8 25.Bd2 Rec8 26.Nf1 Ng4 27.Na4 Bd8 28.Rec1 Rab8 29.b4 
cxb4 30.Bxb4 h5 31.Nb6 Bxb6 32.axb6 Qe7 33.Qa3 Rd8 34.f3 Nh6 35.c5 dxc5 
36.Bxc5 Qf6 37.Kg2 Re8 38.Be3 Nd7 39.Rab1 Qe7 1-0

[Event "47th URS-ch"]
[Site "Minsk URS"]
[Date "1979.12.??"]
[Round "3"]
[White "Vaganian, Rafael"]
[Black "Anikaev, Yury"]
[Result "1-0"]
[WhiteElo "2570"]
[BlackElo "2455"]
[EventDate "1979.11.29"]
[PlyCount "113"]

1.d4 d5 2.c4 e6 3.Nc3 Nf6 4.Bg5 Be7 5.e3 O-O 6.Rc1 Nbd7 7.Nf3 a6 8.c5 ( 8.
cxd5 exd5 9.Bd3 ) 8...c6 9.Bd3 b6 ( 9...e5 ) 10.b4 ( 10.cxb6 c5 11.O-O Bb7
12.Bb1 cxd4 13.exd4 Nxb6 14.Ne5 Rc8 15.Re1 Nbd7 16.Qb3 Ba8 17.Qa4 Rb8 18.
Re2 Rb6 ) 10...a5 11.b5 ( 11.a3 axb4 12.axb4 bxc5 13.bxc5 e5 14.Bxf6 ( 14.
dxe5 Ne8 ) 14...Bxf6 15.dxe5 Nxe5 16.Nxe5 Bxe5 17.Bxh7+ Kxh7 18.Qh5+ Kg8 
19.Qxe5 Ba6 ) 11...Bb7 ( 11...cxb5 12.c6 ) 12.bxc6 Bxc6 13.cxb6 Qxb6 14.
Ne5 Ba3 ( 14...Rfc8 ) 15.Rb1 Qc7 16.Nxd7 Bxd7 17.O-O Ne8 ( 17...Qxc3 18.
Rb3 ) ( 17...Be7 18.Nb5 Bxb5 19.Rxb5 ) 18.Na4 Bd6 ( 18...Nd6 19.Qb3 ) 19.
Nb6 Rb8 20.Nxd7 Qxd7 21.Rxb8 Bxb8 22.Qb1 ( 22.Bxh7+ Kxh7 23.Qb1+ Kg8 24.
Qxb8 Nd6 25.Qb3 ) 22...Nf6 23.Bxf6 gxf6 24.Bxh7+ Kg7 25.Bd3 Rc8 26.g3 Bd6 
27.Rc1 Rxc1+ 28.Qxc1 Qc7 29.Qd1 ( 29.Qxc7 Bxc7 30.Bb5 ) 29...f5 30.Kg2 Qe7
31.h3 Qd8 32.Qf3 a4 ( 32...Qf6 ) 33.Qh5 Qf6 34.f4 Qh6 ( 34...Be7 ) 35.
Qxh6+ Kxh6 36.Bb5 a3 37.Bd7 Kg7 38.h4 Bf8 39.Kf3 Kf6 40.h5 Ke7 41.Ba4 Kf6 
42.Ke2 Kg7 43.Be8 Kf6 44.Kd3 Ke7 45.Ba4 Kf6 46.Kc3 Kg7 47.Be8 Kf6 48.Kb3 
Ke7 49.Bb5 Kf6 50.Be8 Ke7 51.Bc6 Kf6 ( 51...Kd8 52.Bb5 Kc7 53.Be8 f6 54.
Bf7 Kd7 55.Bg8 ) 52.h6 Bxh6 53.Kxa3 Bf8+ 54.Kb3 Bd6 55.a4 Bc7 56.Kb4 Bd6+ 
57.Kb5 1-0

[Event "47th URS-ch"]
[Site "Minsk URS"]
[Date "1979.12.??"]
[Round "5"]
[White "Vaganian, Rafael"]
[Black "Kupreichik, Viktor"]
[Result "0-1"]
[WhiteElo "2570"]
[BlackElo "2540"]
[EventDate "1979.11.29"]
[PlyCount "96"]

1.Nf3 Nf6 2.d4 g6 3.c4 Bg7 4.Nc3 d6 5.Bf4 Nh5 6.Bg5 h6 7.Be3 O-O 8.Qd2 Kh7
9.h3 f5 10.g4 fxg4 11.hxg4 Bxg4 12.Nh4 e5 13.dxe5 Nc6 14.exd6 Qxd6 15.Qxd6
cxd6 16.Rg1 Ne5 17.Bd4 Be6 18.e3 Bf6 19.Bxe5 Bxh4 20.Bg3 Nxg3 21.fxg3 Bg5 
22.Nd1 Rac8 23.Rc1 d5 24.b3 d4 25.Be2 Rcd8 26.Rf1 Bf5 27.Nb2 Bxe3 28.Ra1 
Be4 29.Nd3 Rxf1+ 30.Bxf1 Re8 31.a4 Bxd3 32.Bxd3 Bf4+ 33.Kd1 Bxg3 34.Kc2 
Re1 35.Rxe1 Bxe1 36.Be4 b6 37.Kd3 Bc3 38.a5 Bxa5 39.Kxd4 Bb4 40.Bc6 h5 41.
Be8 Kh6 42.Ke4 Kg5 43.Bf7 Bc5 44.Kf3 Kf5 45.Be8 h4 46.Bd7+ Ke5 47.Be8 g5 
48.Kg4 Kd4 0-1

[Event "47th URS-ch"]
[Site "Minsk URS"]
[Date "1979.12.??"]
[Round "6"]
[White "Georgadze, Tamaz"]
[Black "Razuvaev, Yury"]
[Result "1-0"]
[WhiteElo "2535"]
[BlackElo "2470"]
[EventDate "1979.11.29"]
[PlyCount "137"]

1.d4 Nf6 2.c4 e6 3.Nf3 b6 4.Bf4 Bb7 5.e3 Bb4+ ( 5...Be7 ) 6.Nfd2 O-O 7.a3 
Be7 8.Nc3 c5 ( 8...d5 9.cxd5 Nxd5 10.Nxd5 Bxd5 11.Rc1 c5 12.dxc5 Bxc5 13.
Bc4 Bb7 14.O-O Bd6 ) 9.d5 exd5 ( 9...d6 10.e4 Nbd7 11.Be2 e5 12.Be3 Ne8 
13.O-O Bg5 14.Bxg5 Qxg5 15.Bg4 Ndf6 16.Bh3 Nh5 17.g3 g6 ) 10.cxd5 Bxd5 ( 
10...Nxd5 11.Qf3 ) ( 10...d6 11.e4 ) 11.Nxd5 Nxd5 12.Qf3 Nc7 13.Qb7 d6 14.
Ne4 Qc8 ( 14...Qd7 15.O-O-O Qc6 16.Nxd6 Qxb7 17.Nxb7 ) 15.Qxc8 Rxc8 16.
Nxd6 Bxd6 17.Bxd6 Nc6 18.Rd1 a6 19.Be2 Ra7 20.O-O g6 21.Rc1 ( 21.Bg3 Ne8 
22.Rd5 ) 21...Ne6 ( 21...a5 22.a4 Ne8 23.Bg3 Re7 24.Rfd1 ) 22.Rfd1 Rd8 23.
Bg3 ( 23.Bf3 Rad7 24.Bg3 Kf8 ) 23...b5 24.Rxd8+ Ncxd8 25.Rd1 Kf8 26.Kf1 
Ke7 27.Rd6 c4 ( 27...Nf8 ) 28.Rb6 Kd7 29.Bf3 Nc7 30.a4 bxa4 ( 30...Nde6 
31.axb5 ( 31.a5 ) ( 31.Ke2 ) 31...axb5 32.Bc6+ Kc8 33.Bxb5 Nxb5 34.Rxb5 
Rb7 35.Rxb7 Kxb7 36.Ke2 ) 31.Rb4 c3 32.bxc3 a3 33.Ra4 a5 34.c4 Nde6 35.
Rxa3 Nc5 36.Be5 N7e6 37.Ke2 Ra6 38.Kd1 a4 39.Kc2 Rb6 40.Bd5 Ra6 41.f3 h5 
42.h4 Ke7 43.Bc3 Nb3 ( 43...Rb6 ) 44.Bb4+ Nec5 45.Kc3 Kf6 46.Bxc5 Nxc5 47.
Kb4 Ne6 48.Rxa4 Rb6+ 49.Kc3 Rb1 50.Ra6 Re1 51.Bxe6 fxe6 52.Ra2 ( 52.Rd6 
Rxe3+ 53.Rd3 Re1 54.c5 Rh1 55.Kb4 ) 52...Rxe3+ 53.Kd4 ( 53.Kb4 Rd3 ( 53...
Ke7 54.Rd2 ) 54.c5 Ke7 55.Ra7+ ) 53...Re1 54.Rd2 Rh1 55.Kc5 Rxh4 56.Kb5 
Rh1 57.c5 Rb1+ 58.Ka6 Rc1 59.Kb6 g5 60.c6 g4 61.fxg4 hxg4 62.c7 Kf5 63.Rd8
Kf4 64.c8=Q Rxc8 65.Rxc8 e5 66.Rc3 e4 67.Kc5 e3 68.Kd4 e2 69.Re3 1-0

[Event "47th URS-ch"]
[Site "Minsk URS"]
[Date "1979.12.??"]
[Round "6"]
[White "Sveshnikov, Evgeny"]
[Black "Makarichev, Sergei"]
[Result "1/2-1/2"]
[WhiteElo "2545"]
[BlackElo "2500"]
[EventDate "1979.11.29"]
[PlyCount "86"]

1.c4 Nf6 2.Nc3 e6 3.e4 d5 4.e5 d4 5.exf6 dxc3 6.bxc3 Qxf6 7.d4 e5 8.Qe2 
Be7 9.dxe5 ( 9.Qxe5 Qxe5+ 10.dxe5 Nc6 11.Nf3 f6 ) 9...Qg6 10.Qe3 Nc6 ( 
10...Bf5 11.Ne2 O-O 12.Nf4 ( 12.Nd4 ) 12...Qc6 13.Nd5 Re8 14.Qf3 Bg6 15.
Be2 Bf8 16.Bf4 Nd7 ) 11.Ne2 ( 11.Nf3 O-O 12.Bd3 Bf5 ) 11...Qe6 12.Nd4 Qxe5
13.Nxc6 Qxe3+ 14.Bxe3 bxc6 15.Be2 Bf6 ( 15...c5 16.Rb1 ) 16.O-O Bxc3 17.
Rac1 Be5 18.Bf3 Bd7 19.Rfd1 ( 19.Rcd1 ) 19...f6 ( 19...Ke7 20.Rd2 Rhd8 ( 
20...f6 ) 21.Re1 ) 20.Rd3 Ke7 21.Bc5+ Bd6 22.Re1+ Kf7 23.Bxd6 cxd6 24.Rxd6
Rhd8 25.h3 ( 25.Rxd7+ Rxd7 26.Bxc6 Rad8 27.Bxd7 Rxd7 ) ( 25.g3 ) ( 25.Red1
Ke7 ) 25...Be8 26.Bxc6 ( 26.Red1 Rxd6 27.Rxd6 Ke7 28.c5 Rd8 29.Bxc6 Bxc6 
30.Rxc6 Rd1+ 31.Kh2 Rd2 32.Rc7+ Rd7 33.Rc8 Rd2 ) 26...Bxc6 ( 26...Rxd6 27.
Bxa8 ) 27.Rxc6 Rdc8 28.Rxc8 ( 28.Rd6 Rc7 29.Re4 ) 28...Rxc8 29.Rc1 Ke6 30.
f4 Rc5 31.Kf2 ( 31.Rc3 Kf5 32.g3 Ke4 ) 31...Ra5 32.Rc2 Ra3 33.h4 ( 33.c5 
Kd7 ) 33...h5 34.f5+ Kd6 ( 34...Kxf5 35.c5 Rd3 36.c6 Rd8 37.Rc5+ Ke6 38.
Rxh5 Rd2+ 39.Kg3 Rxa2 40.Rc5 ) 35.Re2 Ra5 ( 35...Ra4 ) 36.Re6+ Kd7 37.Ke3 
Rxa2 ( 37...Rxf5 38.Ra6 ) 38.Kd4 Rxg2 39.Ra6 g6 40.Rxa7+ ( 40.Rxf6 gxf5 
41.Rxf5 Rg4+ 42.Kd5 Rxh4 43.Rf7+ Kc8 44.Rxa7 Rg4 45.c5 Rg6 ) 40...Ke8 41.
Rh7 ( 41.fxg6 Rxg6 42.Kd5 Rg4 43.c5 Rxh4 44.c6 Kd8 ) 41...gxf5 42.Rxh5 
Rg4+ 43.Kd5 f4 1/2-1/2

[Event "47th URS-ch"]
[Site "Minsk URS"]
[Date "1979.12.??"]
[Round "8"]
[White "Georgadze, Tamaz"]
[Black "Lerner, Konstantin"]
[Result "1/2-1/2"]
[WhiteElo "2535"]
[BlackElo "2475"]
[EventDate "1979.11.29"]
[PlyCount "84"]

1.d4 Nf6 2.c4 e6 3.Nf3 d5 4.Nc3 Be7 5.cxd5 exd5 6.Bf4 c6 7.e3 Bf5 8.Bd3 
Bxd3 9.Qxd3 Nbd7 10.h3 ( 10.O-O Nh5 ) 10...O-O 11.O-O Re8 12.Rab1 a5 13.a3
a4 14.Qc2 b5 ( 14...Qa5 ) 15.Rfd1 Qb6 16.Ne2 ( 16.Ne5 ) 16...Rac8 17.Nc1 
c5 18.dxc5 Nxc5 19.Ne2 Red8 20.Nfd4 Nfe4 21.Nc3 Ne6 22.Nxe6 Qxe6 23.Qd3 
Nxc3 24.bxc3 Qc6 25.Qxb5 Qxb5 26.Rxb5 Rxc3 27.Rdxd5 Rxd5 28.Rxd5 Rxa3 29.
Bd6 Ra1+ 30.Kh2 Kf8 31.Bxe7+ Kxe7 32.Ra5 a3 33.Kg3 Kd6 34.Ra7 Ke6 35.h4 g6
36.e4 h6 37.f4 a2 38.Ra6+ Kd7 39.h5 gxh5 40.e5 h4+ 41.Kg4 Ke7 42.f5 Re1 
1/2-1/2

[Event "47th URS-ch"]
[Site "Minsk URS"]
[Date "1979.12.??"]
[Round "11"]
[White "Beliavsky, Alexander"]
[Black "Georgadze, Tamaz"]
[Result "1-0"]
[WhiteElo "2595"]
[BlackElo "2535"]
[EventDate "1979.11.29"]
[PlyCount "57"]

1.d4 d5 2.c4 e6 3.Nc3 Be7 4.Nf3 Nf6 5.Bg5 O-O 6.e3 h6 7.Bh4 b6 8.Be2 Bb7 
9.Bxf6 Bxf6 10.cxd5 exd5 11.O-O Qe7 12.Qb3 Rd8 13.Rad1 c6 14.Rfe1 Nd7 15.
Bf1 Nf8 16.e4 dxe4 17.Nxe4 Ne6 18.Bc4 Re8 19.Ne5 Rad8 20.f4 Bxe5 21.dxe5 
Nd4 22.Qg3 Rf8 23.Nd6 Rxd6 24.exd6 Qxd6 25.f5 Qc5 26.Qf2 Rd8 27.Bb3 Ba6 ( 
27...Qd6 28.f6 ) 28.Re4 Be2 ( 28...Ne2+ 29.Rxe2 Rxd1+ 30.Bxd1 ) 29.Rexd4 
1-0

[Event "47th URS-ch"]
[Site "Minsk URS"]
[Date "1979.12.??"]
[Round "11"]
[White "Kupreichik, Viktor"]
[Black "Tal, Mikhail"]
[Result "1/2-1/2"]
[WhiteElo "2540"]
[BlackElo "2615"]
[EventDate "1979.11.29"]
[PlyCount "99"]

1.e4 c5 2.Nf3 d6 3.d4 cxd4 4.Nxd4 Nf6 5.Nc3 a6 6.Bg5 e6 7.f4 Qb6 8.Nb3 
Nbd7 9.Qe2 Qc7 10.g4 Be7 11.O-O-O h6 12.Bh4 g5 13.fxg5 Nh7 14.Bg3 hxg5 15.
e5 Nxe5 16.Ne4 d5 17.Bg2 dxe4 18.Qxe4 Bf6 19.Rde1 Nf8 20.Rhf1 Bg7 21.Bxe5 
Qxe5 22.Qxe5 Bxe5 23.Rxe5 Rxh2 24.Be4 Nh7 25.Na5 Ke7 26.Rc5 Nf6 27.Rc7+ 
Kd6 28.Rxf6 Kxc7 29.Rxf7+ Kd8 30.Nc4 e5 31.Nb6 Rb8 32.Rf8+ Kc7 33.Nd5+ Kd6
34.Nb6 Kc7 35.Nd5+ Kd6 36.Rd8+ Kc6 37.Rg8 Be6 38.Nb4+ Kc7 39.Rg7+ Kd6 40.
Rg6 a5 41.Nd5 Rf8 42.b3 Rh3 43.Nb6 Ke7 44.Rg7+ Rf7 45.Rxg5 Rf1+ 46.Kb2 Kf6
47.Rg6+ Kf7 48.Rg5 Kf6 49.Rg6+ Kf7 50.Rg5 1/2-1/2

[Event "47th URS-ch"]
[Site "Minsk URS"]
[Date "1979.12.??"]
[Round "11"]
[White "Vaganian, Rafael"]
[Black "Kasparov, Garry"]
[Result "0-1"]
[WhiteElo "2570"]
[BlackElo "2545"]
[EventDate "1979.11.29"]
[PlyCount "100"]

1.d4 Nf6 2.Bg5 d6 3.Nc3 Nbd7 4.e4 e5 5.Nf3 c6 6.a4 h6 7.Be3 Ng4 8.Bc1 exd4
9.Qxd4 Nde5 10.Be2 Be7 11.O-O Bf6 12.Qd1 Nxf3+ 13.Bxf3 Ne5 14.Be2 O-O 15.
f4 Ng6 16.Qd3 Qe7 17.Bd2 b6 18.Rae1 Bb7 19.Bh5 Rad8 20.b4 a6 21.Be3 b5 22.
Bb6 Rde8 23.axb5 axb5 24.Bxg6 Bxc3 25.Bh7+ Kxh7 26.e5+ Kg8 27.Qxc3 c5 28.
bxc5 dxe5 29.c6 Qe6 30.f5 Qf6 31.Bc7 Ba8 32.Ba5 Kh7 33.c7 Bb7 34.Qc5 g6 
35.Qb6 Qxb6+ 36.Bxb6 gxf5 37.Rd1 Rg8 38.g3 Re6 39.Ba5 Ra8 40.Bb4 Rc6 41.
Rd7 Rxc2 42.Rfd1 Kg6 43.R1d2 Rc4 44.Bd6 Ra1+ 45.Kf2 Rh1 46.Ke3 f4+ 47.gxf4
exf4+ 48.Bxf4 Re4+ 49.Kd3 Rxf4 50.Rg2+ Kh7 0-1

[Event "47th URS-ch"]
[Site "Minsk URS"]
[Date "1979.12.??"]
[Round "14"]
[White "Romanishin, Oleg"]
[Black "Vaganian, Rafael"]
[Result "0-1"]
[WhiteElo "2560"]
[BlackElo "2570"]
[EventDate "1979.11.29"]
[PlyCount "46"]

1.e4 e6 2.d4 d5 3.Nc3 Bb4 4.e5 Ne7 5.a3 Bxc3+ 6.bxc3 b6 7.Bb5+ c6 ( 7...
Nbc6 8.Qg4 ) 8.Bd3 Ba6 9.Nh3 c5 10.Bxa6 Nxa6 11.O-O Rc8 12.a4 ( 12.Nf4 
cxd4 13.cxd4 Nf5 ) 12...cxd4 13.cxd4 Nb4 14.Rb1 Nxc2 15.Bg5 Rc4 16.Rc1 Qc7
17.Bxe7 Kxe7 18.Ng5 Nxd4 19.Rxc4 Qxc4 20.Re1 h6 21.Qh5 Rf8 22.Nh7 Rc8 23.
Qh4+ Ke8 0-1

[Event "47th URS-ch"]
[Site "Minsk URS"]
[Date "1979.12.??"]
[Round "15"]
[White "Beliavsky, Alexander"]
[Black "Geller, Efim"]
[Result "0-1"]
[WhiteElo "2595"]
[BlackElo "2550"]
[EventDate "1979.11.29"]
[PlyCount "76"]

1.d4 d5 2.c4 e6 3.Nc3 Be7 4.Nf3 Nf6 5.Bg5 h6 6.Bh4 O-O 7.e3 b6 8.Be2 Nbd7 
9.cxd5 exd5 10.O-O Bb7 11.Qb3 c5 12.Bxf6 Nxf6 13.dxc5 Bxc5 14.Rfd1 ( 14.
Nb5 ) 14...Qe7 15.Nd4 Rad8 16.Rac1 Ne4 17.Bf3 Rfe8 18.Na4 ( 18.g3 Nxf2 19.
Nf5 ( 19.Kxf2 Qxe3+ 20.Kg2 Bxd4 ) 19...Qe5 20.Kxf2 Qxf5 ) 18...Ng5 19.Bg4 
g6 20.Nc3 Ne4 21.Qc2 h5 22.Bf3 h4 23.Qd3 Qe5 24.Nce2 a5 25.Rc2 Ra8 26.a4 (
26.Bxe4 dxe4 ) 26...Ba6 27.Qb3 Bc4 28.Rxc4 dxc4 29.Qxc4 Rad8 30.Qb3 Rd6 
31.h3 Rf6 32.Qc2 Ng5 33.Bb7 Bd6 34.Nf4 Rxf4 35.Nc6 Nxh3+ 36.gxh3 Qg5+ 37.
Kf1 Rf6 38.Qd2 Bg3 0-1

[Event "47th URS-ch"]
[Site "Minsk URS"]
[Date "1979.12.??"]
[Round "17"]
[White "Anikaev, Yury"]
[Black "Razuvaev, Yury"]
[Result "1/2-1/2"]
[WhiteElo "2455"]
[BlackElo "2470"]
[EventDate "1979.11.29"]
[PlyCount "34"]

1.d4 Nf6 2.c4 e6 3.Nf3 b6 4.g3 Ba6 5.Qa4 c5 6.Bg2 Bb7 7.O-O Qc8 8.Nc3 cxd4
9.Nxd4 Bxg2 10.Kxg2 Nc6 11.Nxc6 Qxc6+ 12.Qxc6 dxc6 13.Bg5 Be7 14.Rfd1 Nd7 
15.Bxe7 Kxe7 16.Rd2 Rhd8 17.Rad1 Nf6 1/2-1/2

[Event "47th URS-ch"]
[Site "Minsk URS"]
[Date "1979.12.??"]
[Round "17"]
[White "Vaganian, Rafael"]
[Black "Tseshkovsky, Vitaly"]
[Result "1/2-1/2"]
[WhiteElo "2570"]
[BlackElo "2560"]
[EventDate "1979.11.29"]
[PlyCount "26"]

1.d4 Nf6 2.c4 e6 3.Nf3 b6 4.g3 Bb7 5.Bg2 Be7 6.O-O O-O 7.Nc3 Ne4 8.Nxe4 
Bxe4 9.Ne1 Bxg2 10.Nxg2 d5 11.Qa4 Qd7 12.Qxd7 Nxd7 13.cxd5 exd5 1/2-1/2